00354nam a22001217a 4500008004100000082001400041110004400055245005300099260004400152300000900196942001200205999001500217230704b xxu||||| |||| 00| 0 eng d a342bCKRC bConstitution of Kenya Review Commission aSource Book for Civic EducationbReferendum 2005 bConstitution of Kenya Review Commission a112p 2ddccBK c3736d3736